| 000 | 00989nam a22002537a 4500 | ||
|---|---|---|---|
| 005 | 20170124103003.0 | ||
| 010 | _aB-082728 | ||
| 020 |
_c200.00 _a817315449 |
||
| 035 | _aB-082728 | ||
| 037 | _bCen Lib/Ret | ||
| 040 |
_aDPL _bHN |
||
| 082 |
_aउ _bअनत |
||
| 100 |
_aअनत, अभिमन्यु _955385 |
||
| 245 |
_aहम प्रवासी / _cअभिमन्यु अनत |
||
| 246 |
_aHum pravasi / _bby Abhimanyu Anat |
||
| 260 |
_aनई दिल्ली _bप्रभात प्रकाशन _c2004 |
||
| 270 |
_a4/19, असफ अली रोड _bनई दिल्ली _e110002 |
||
| 300 |
_a170पृ. _c21सेमी (सजिल्द) |
||
| 650 |
_a हिन्दी साहित्य _955386 |
||
| 650 |
_a हिन्दी साहित्य -- उपन्यास _946379 |
||
| 650 |
_aHindi literature _955387 |
||
| 650 |
_aHindi literature -- Fiction _955388 |
||
| 942 |
_2ddc _cHN _hउ _mअनत |
||
| 999 |
_c114112 _d114112 |
||